[Event "Czech League 2009/10 (krajsky prebor)"]
[Site "masterchessopen.com - Czech Republic"]
[Date "2010.01.10"]
[Round "6"]
[White "Krcal Michal (CZE)"]
[Black "Gabriel Adam (CZE)"]
[Result "0-1"]
[WhiteElo "2138"]
[BlackElo "1989"]

1.d4 c5 2.d5 e5 3.dxe6 fxe6 4.e4 d5 5.Nf3 Nf6 6.e5 Nfd7 7.c4 d4 8.Bd3 Nc6
9.Bf4 Qc7 10.O-O g6 11.Na3 a6 12.Re1 Bg7 13.Ng5 Ndxe5 14.Bxe5 Bxe5 15.f4 Bxf4
16.Nxe6 Bxe6 17.Rxe6+ Kf7 18.Qg4 Ne5 19.Qxf4+ Kxe6 20.Re1 Rae8 21.b4 Kd7
22.Be4 Kc8 23.Rb1 Rhf8 24.Qh4 Nd7 25.Bd5 Qf4 {#R} 0-1

[Event "NRW-liga 2009/10"]
[Site "masterchessopen.com - Germany"]
[Date "2010.01.10"]
[Round "5"]
[White "Wicht Juergen (GER)"]
[Black "Bruemmer Andreas"]
[Result "0-1"]
[WhiteElo "2149"]
[BlackElo "1873"]

1.d4 c5 2.d5 e5 3.e4 d6 4.c4 g6 5.Nc3 Bg7 6.Be2 Ne7 7.g4 f5 8.gxf5 gxf5 9.Bg5
O-O 10.Qd2 Nd7 11.O-O-O Nf6 12.h4 Nxe4 13.Nxe4 fxe4 14.Nh3 e3 15.Bxe3 Nf5
16.Ng5 Qe7 17.Rdg1 a6 18.h5 h6 19.Ne6 Bxe6 20.dxe6 Qxe6 21.Rg6 Rf6 22.Rhg1
Raf8 23.Bxh6 Rxg6 {#R} 0-1

[Event "Ch City (1/2 final) (a)"]
[Site "masterchessopen.com - Madrid (Spain)"]
[Date "2010.01.19"]
[Round "5"]
[White "Iagar Razvan-Gabriel (ROM)"]
[Black "Vazquez Gonzalez Jesus (ESP)"]
[Result "0-1"]
[WhiteElo "2067"]
[BlackElo "2071"]

1.d4 c5 2.d5 e5 3.c4 d6 4.Nc3 g6 5.e4 Bg7 6.g3 Ne7 7.Bg2 O-O 8.Nge2 f5 9.O-O
h6 10.f4 exf4 11.Bxf4 g5 12.Bd2 Nd7 13.Qc2 Ne5 14.b3 a6 15.a4 Qe8 16.exf5 Bxf5
17.Be4 Bh3 18.Rxf8+ Qxf8 19.Bg2 Bxg2 20.Kxg2 Qf3+ 21.Kg1 Rf8 {#R} 0-1

[Event "Ch Romania"]
[Site "masterchessopen.com - Baile Olanesti (Romania)"]
[Date "2010.02.02"]
[Round "4"]
[White "Costachi Mihnea (ROM)"]
[Black "Paval George (ROM)"]
[Result "0-1"]
[WhiteElo "1839"]
[BlackElo "2203"]

1.d4 c5 2.d5 e5 3.c4 d6 4.e4 Be7 5.Nc3 Bg5 6.Nf3 Bxc1 7.Rxc1 Ne7 8.Be2 O-O
9.O-O Nd7 10.a3 Nf6 11.b4 b6 12.b5 Ng6 13.Ne1 Kh8 14.a4 Ng8 15.Bg4 Bxg4
16.Qxg4 Nh6 17.Qd1 f5 18.f3 Qg5 19.exf5 Nxf5 20.Ne4 Qh6 21.Qd2 Nf4 22.Nd3 Ne3
23.Nxf4 Nxf1 24.Ng6+ Qxg6 25.Rxf1 Rf4 26.Kf2 Qxe4 27.Rc1 Raf8 28.Qe3 Qf5 {#R}
0-1

[Event "Ch City (final)"]
[Site "masterchessopen.com - Omsk (Russia)"]
[Date "2010.02.25"]
[Round "4"]
[White "Pozdniakov Vladimir (RUS)"]
[Black "Manchenko Vladimir (RUS)"]
[Result "1-0"]
[WhiteElo "2186"]
[BlackElo "2074"]

1.d4 c5 2.d5 e5 3.e4 a6 4.c4 d6 5.Nc3 g6 6.h4 h6 7.Be3 Bg7 8.Bd3 Nf6 9.f3 O-O
10.Qd2 Kh7 11.Nge2 Qe8 12.g4 Bd7 13.Ng3 {#r} 1-0

[Event "It (open)"]
[Site "masterchessopen.com - Elancourt (France)"]
[Date "2010.04.27"]
[Round "3"]
[White "Vallobra Pierre (FRA)"]
[Black "Maulana Kahfi (FRA)"]
[Result "1-0"]
[WhiteElo "2107"]
[BlackElo "1901"]

1.d4 c5 2.d5 e5 3.c4 d6 4.Nc3 Be7 5.e4 f5 6.exf5 Bxf5 7.Bd3 Bxd3 8.Qxd3 Nf6
9.Nge2 O-O 10.O-O Nbd7 11.Ng3 Qe8 12.Nb5 Qf7 13.Nf5 Ne8 14.Ng3 a6 15.Nc3 Nc7
16.f4 Qg6 17.f5 Qg4 18.Nce4 b5 19.b3 h6 20.Be3 Nf6 21.Rf3 Nxe4 22.Nxe4 Rxf5
23.Nf2 e4 24.Nxg4 exd3 25.Rxf5 {#r} 1-0

[Event "It (open)"]
[Site "masterchessopen.com - Mogliano Veneto (Italy)"]
[Date "2010.05.02"]
[Round "5"]
[White "Quaranta Cristiano (ITA)"]
[Black "Seletsky Grigory (UKR)"]
[Result "0-1"]
[WhiteElo "2116"]
[BlackElo "2295"]

1.d4 c5 2.d5 e5 3.e4 d6 4.Bb5+ Nd7 5.a4 Nf6 6.Nc3 Be7 7.Nf3 O-O 8.O-O Ne8
9.Qe2 g6 10.Nd2 Bg5 11.g3 f5 12.f4 exf4 13.Nf3 Bh6 14.e5 Nxe5 15.Nxe5 dxe5
16.Qxe5 a6 17.Bc4 Nd6 18.Ba2 Re8 {#R} 0-1

[Event "Ch Ukraine"]
[Site "masterchessopen.com - Alushta (Ukraine)"]
[Date "2010.05.03"]
[Round "1"]
[White "Sivuk Vitaly (UKR)"]
[Black "Varchenko Grigory (UKR)"]
[Result "1-0"]
[WhiteElo "2423"]
[BlackElo "2122"]

1.d4 c5 2.d5 e5 3.e4 d6 4.Nc3 Be7 5.Nf3 Nf6 6.Be2 O-O 7.Nd2 Bd7 8.O-O Na6 9.a4
Nc7 10.Nc4 b5 11.axb5 Nxb5 12.Nxb5 Bxb5 13.Na5 a6 14.f3 Kh8 15.Be3 Ng8 16.Qd2
g6 17.Ra3 f5 18.Rfa1 Nf6 19.Bxb5 axb5 20.Nc6 Rxa3 21.Rxa3 Qe8 22.Ra7 Ng8
23.Nxe7 Nxe7 24.Bh6 Rf7 25.Qa5 Ng8 26.Ra8 Qe7 27.Qxb5 {#r} 1-0

[Event "It (open)"]
[Site "masterchessopen.com - Marrakesh (Morocco)"]
[Date "2010.06.28"]
[Round "5"]
[White "Evdokimov Alexander A (RUS)"]
[Black "Haddouche Mohamed (ALG)"]
[Result "1-0"]
[WhiteElo "2551"]
[BlackElo "2425"]

1.d4 c5 2.d5 e5 3.e4 d6 4.Bb5+ Nd7 5.a4 Nf6 6.Nc3 g6 7.Nf3 Bg7 8.O-O O-O 9.Re1
a5 10.Bg5 h6 11.Bh4 Nb6 12.Nd2 h5 13.Qf3 Bg4 14.Qe3 Qc7 15.h3 Bc8 16.Be2 Bd7
17.f4 exf4 18.Qxf4 Nh7 19.Nf3 Rae8 20.Nb5 Bxb5 21.Bxb5 Bxb2 22.Rab1 Bc3
23.Bxe8 Rxe8 24.Re3 Be5 25.Nxe5 dxe5 26.Qf1 c4 27.Rb5 Nc8 {#r} 1-0

[Event "It (a) (open)"]
[Site "masterchessopen.com - Kostroma (Russia)"]
[Round "3"]
[White "Iskhakov Kamil (RUS)"]
[Black "Kroll Dmitry V (RUS)"]
[Result "1-0"]
[WhiteElo "1867"]
[BlackElo "1446"]

1.d4 c5 2.d5 e5 3.c4 f5 4.e4 d6 5.Nc3 Nf6 6.Bd3 f4 7.Bd2 g5 8.Qa4+ Nfd7
9.O-O-O Qb6 10.a3 a5 11.g3 Be7 12.h4 O-O 13.hxg5 Bxg5 14.Nh3 h6 15.Nxg5 hxg5
16.gxf4 exf4 17.Rdg1 Qd8 18.Rh5 Kf7 19.Rhxg5 Ne5 20.Rg7+ Kf6 21.Be2 Bd7 22.Qd1
Qb6 23.Bxf4 Nf7 24.R1g6+ Ke7 25.Bxd6+ Ke8 26.Bxf8 {#r} 1-0

[Event "Ch Poland (team) (juniors) (2 liga)"]
[Site "masterchessopen.com - Chelm (Poland)"]
[Date "2010.07.09"]
[Round "5"]
[White "Janulek Dawid (POL)"]
[Black "Marczuk Dominik (POL)"]
[Result "0-1"]
[WhiteElo "1684"]
[BlackElo "1908"]

1.d4 c5 2.d5 e5 3.c4 d6 4.e4 g6 5.Bd3 Bg7 6.Nc3 Ne7 7.Nge2 O-O 8.O-O a6 9.a4
f5 10.f4 Nd7 11.Qc2 exf4 12.Bxf4 Ne5 13.Bxe5 Bxe5 14.b3 f4 15.Rf2 g5 16.Raf1
Ng6 17.Kh1 h5 18.Qd2 Kh7 19.g3 Bh3 20.Rg1 f3 21.Nc1 Bd4 22.Rgf1 Bxf1 23.Rxf1
Ne5 24.Qc2 Qf6 25.Nd1 Kg7 26.Nf2 Ng4 27.Nd1 Qe5 28.Na2 h4 {#R} 0-1

[Event "It (open)"]
[Site "masterchessopen.com - Dresden (Germany)"]
[Date "2010.07.10"]
[Round "1"]
[White "Schloetzer Waldemar (GER)"]
[Black "Jahn Daniel (GER)"]
[Result "1-0"]
[WhiteElo "2292"]
[BlackElo "1989"]

1.d4 c5 2.d5 e5 3.e4 d6 4.Nc3 a6 5.a4 Ne7 6.g3 g6 7.h4 h5 8.Bg5 Bg7 9.Qd2 O-O
10.Nh3 Bg4 11.Bg2 f6 12.Be3 Qc8 13.a5 Bd7 14.f3 f5 15.Bg5 Qe8 16.O-O-O Kh8
17.f4 Ng8 18.fxe5 fxe4 19.e6 Bb5 20.Nf4 Bh6 21.Bxe4 {#r} 1-0

[Event "Memorial Karl Mala (open)"]
[Site "masterchessopen.com - Frankfurt (Germany)"]
[Date "2010.07.10"]
[Round "5"]
[White "Froehlich-Dill Astrid (GER)"]
[Black "Zweschper Erich (GER)"]
[Result "0-1"]
[WhiteElo "1947"]
[BlackElo "2115"]

1.d4 c5 2.d5 e5 3.e4 d6 4.Bd3 Be7 5.Ne2 Bg5 6.Nd2 Ne7 7.O-O Ng6 8.Nf3 h6 9.c3
Bg4 10.Bb5+ Kf8 11.Nd2 a6 12.f3 Be3+ 13.Kh1 h5 14.Bxa6 Rxa6 15.fxg4 hxg4 16.g3
Qg5 17.Rf5 Rxh2+ 18.Kxh2 Qh6+ {#R} 0-1

[Event "Ch Czech Republic (team) (open)"]
[Site "masterchessopen.com - Pardubice (Czech Republic)"]
[Date "2010.07.17"]
[Round "4"]
[White "Shomoev Anton (RUS)"]
[Black "Nun Jiri (CZE)"]
[Result "1-0"]
[WhiteElo "2536"]
[BlackElo "2356"]

1.d4 c5 2.d5 e5 3.e4 d6 4.Nc3 a6 5.Nf3 Bg4 6.h3 Bxf3 7.Qxf3 Be7 8.Qg3 g6 9.h4
Nd7 10.h5 Bf6 11.a4 Ne7 12.Be2 g5 13.h6 Ng6 14.Bg4 Ndf8 15.Nd1 Ne7 16.Rh5 Rg8
17.Qb3 Rb8 18.Ne3 Rg6 19.a5 Qc7 20.Nc4 Ng8 21.Qh3 Ne7 22.Ra3 Rd8 23.Rb3 Rg8
24.Rb6 {#r} 1-0

[Event "Ch Bulgaria (open) (w)"]
[Site "masterchessopen.com - Vratsa (Bulgaria)"]
[Date "2010.07.29"]
[Round "7"]
[White "Dragomirescu Angela (ROM)"]
[Black "Maksimovic Suzana (SRB)"]
[Result "1-0"]
[WhiteElo "2168"]
[BlackElo "2183"]

1.d4 c5 2.d5 e5 3.e4 d6 4.Nc3 Nf6 5.Be2 Be7 6.Nf3 Nbd7 7.Nd2 O-O 8.a4 Ne8
9.Nc4 Bg5 10.O-O h6 11.f4 exf4 12.Bxf4 Bxf4 13.Rxf4 Qe7 14.Qd2 Ne5 15.Nxe5
Qxe5 16.Raf1 a6 17.Nd1 Bd7 18.a5 Rd8 19.Bd3 Bb5 20.c3 Bxd3 21.Qxd3 Nf6 22.Rxf6
gxf6 23.Rf5 Qe7 24.Ne3 Kh7 25.Rh5 c4 26.Rxh6+ Kxh6 27.Nf5+ {#r} 1-0

[Event "Ch Netherlands (open) (juniors) (under 12)"]
[Site "masterchessopen.com - Enschede (Netherlands)"]
[Date "2010.08.13"]
[Round "10"]
[White "Gerlagh Joris (NED)"]
[Black "Postema Yorick"]
[Result "1-0"]
[WhiteElo "1777"]
[BlackElo "1399"]

1.d4 c5 2.d5 e5 3.e4 d6 4.c4 a6 5.Nf3 f5 6.Nc3 Nf6 7.Bd3 fxe4 8.Nxe4 Nxe4
9.Bxe4 Be7 10.Qd3 Bd7 11.Bxh7 b5 12.Ng5 {#r} 1-0

[Event "It (open)"]
[Site "masterchessopen.com - Stare Mesto (Czech Republic)"]
[Date "2010.08.19"]
[Round "8"]
[White "Roubalik Jakub (CZE)"]
[Black "Bakalar Jan (SVK)"]
[Result "1-0"]
[WhiteElo "2275"]
[BlackElo "2073"]

1.d4 c5 2.d5 e5 3.e4 d6 4.Nc3 Ne7 5.h4 a6 6.a4 b6 7.Be2 Ng6 8.h5 Ne7 9.Nf3 h6
10.Nd2 Nd7 11.Nc4 Qc7 12.f4 f6 13.O-O exf4 14.Bxf4 Ng8 15.Bg4 Ne5 16.Bxe5 fxe5
17.Bxc8 Rxc8 18.Qg4 Nf6 19.Qe6+ Kd8 20.Rxf6 {#r} 1-0

[Event "Tournament (juniors)"]
[Site "masterchessopen.com - Dimitrovgrad (Russia)"]
[Date "2010.08.20"]
[Round "3"]
[White "Uryadov Sergey S (RUS)"]
[Black "Alachihin Vladimir (RUS)"]
[Result "0-1"]
[WhiteElo "1941"]
[BlackElo "2243"]

1.d4 c5 2.d5 e5 3.e4 d6 4.Nc3 a6 5.a4 f5 6.exf5 Bxf5 7.Nf3 Nf6 8.Be2 Be7 9.O-O
O-O 10.Nd2 b6 11.Nc4 Nbd7 12.Ne3 Bg6 13.Bd3 e4 14.Be2 Ne5 15.Nc4 Nfd7 16.Be3
Nxc4 17.Bxc4 Ne5 18.Be2 Qd7 19.Qd2 Nf3+ 20.Bxf3 exf3 21.gxf3 Bh5 {#R} 0-1

[Event "It (open)"]
[Site "masterchessopen.com - Kuala Lumpur (Malaysia)"]
[Date "2010.09.01"]
[Round "1"]
[White "Murshed Niaz (BAN)"]
[Black "Spiller Paul (NZL)"]
[Result "1-0"]
[WhiteElo "2411"]
[BlackElo "1986"]

1.d4 c5 2.d5 e5 3.e4 d6 4.Nf3 Nf6 5.Nc3 a6 6.a4 b6 7.Be2 g6 8.O-O Bg7 9.Nd2
O-O 10.Nc4 Ne8 11.f4 exf4 12.Bxf4 Bd4+ 13.Kh1 f5 14.exf5 Bxf5 15.Bd3 Ra7
16.Bh6 Bg7 17.Bxf5 gxf5 18.Bf4 Raf7 19.Qd3 Qc7 20.Rae1 Nd7 21.Rxe8 Rxe8
22.Nxd6 Ne5 23.Nxe8 Qd7 24.Bxe5 Bxe5 25.Re1 {#r} 1-0

[Event "Memorial Georgiev-Kesarovski (open)"]
[Site "masterchessopen.com - Sunny Beach (Bulgaria)"]
[Date "2010.09.02"]
[Round "6"]
[White "Krastev Vasil (BUL)"]
[Black "Angelov Angel (BUL)"]
[Result "0-1"]
[WhiteElo "2012"]
[BlackElo "2230"]

1.d4 c5 2.d5 e5 3.dxe6 fxe6 4.e4 d5 5.Qh5+ g6 6.Qe5 Qf6 7.Qc7 Nc6 8.Bb5 Bd7
9.Nc3 d4 10.Nf3 Qd8 11.Qxd8+ Rxd8 12.Ne2 Nb4 13.Bd3 c4 14.O-O cxd3 15.cxd3
Nxd3 16.Nexd4 Bc5 17.Bg5 Ne7 18.Nb3 Bb6 19.a4 Bc6 20.a5 Bc7 21.Nfd4 Kf7
22.Rfd1 Nxb2 23.Rdc1 Be5 24.a6 Bxd4 25.Nxd4 Rxd4 26.axb7 Rb8 27.f3 Nc4 28.Rxa7
Rxb7 {#R} 0-1

[Event "Tournament (open)"]
[Site "masterchessopen.com - Giugliano in Campania (Italy)"]
[Date "2010.09.25"]
[Round "3"]
[White "Gambardella Piero (ITA)"]
[Black "Della-Corte Alessandro (ITA)"]
[Result "0-1"]
[WhiteElo "1984"]
[BlackElo "2261"]

1.d4 c5 2.d5 e5 3.e4 d6 4.f4 exf4 5.Bxf4 Ne7 6.Nc3 Ng6 7.Bg3 Be7 8.Bb5+ Bd7
9.Bxd7+ Nxd7 10.Nf3 O-O 11.O-O a6 12.a4 b6 13.h4 Nf6 14.e5 Ng4 15.Qe2 dxe5
16.d6 Bxd6 17.Ng5 Nf6 18.Rad1 Nf4 19.Rxf4 exf4 20.Bxf4 Bxf4 21.Rxd8 Raxd8
22.Qxa6 Rfe8 23.Qc4 Bg3 24.Qxf7+ Kh8 25.Nf3 Rd7 26.Qc4 Rde7 {#R} 0-1

[Event "Ch Hungary (team) 2010/11"]
[Site "masterchessopen.com - Hungary"]
[Date "2010.10.10"]
[Round "1"]
[White "Pinter Jozsef (HUN)"]
[Black "Csom Istvan (HUN)"]
[Result "1-0"]
[WhiteElo "2517"]
[BlackElo "2439"]

1.d4 c5 2.d5 e5 3.e4 d6 4.Nf3 Be7 5.Be2 a6 6.a4 Bg4 7.Nfd2 Bxe2 8.Qxe2 Nd7
9.a5 Ngf6 10.O-O O-O 11.Nc4 Ne8 12.Ra3 Rc8 13.Rb3 Rc7 14.f4 exf4 15.Bxf4 f6
16.Nbd2 Rf7 17.Qg4 Bf8 18.Qe6 Qe7 19.Rbf3 Ne5 20.Bxe5 dxe5 21.Qg4 Nd6 {#r} 1-0

[Event "It (open)"]
[Site "masterchessopen.com - Brighton (England)"]
[Date "2010.11.14"]
[Round "4"]
[White "Chung Angel"]
[Black "Bonafont Philip (ENG)"]
[Result "0-1"]
[WhiteElo "1898"]
[BlackElo "2173"]

1.d4 c5 2.d5 e5 3.c4 d6 4.Nc3 f5 5.e4 Nf6 6.Bd3 f4 7.a3 Be7 8.Nge2 Na6 9.Bd2
Bd7 10.Qc2 Nc7 11.b4 b6 12.bxc5 bxc5 13.Rb1 Rb8 14.Rxb8 Qxb8 15.O-O O-O 16.Rb1
Qe8 17.Nc1 f3 18.Bf1 fxg2 19.Bxg2 Qg6 20.Nd3 Bh3 21.Ne1 Bxg2 22.Nxg2 Ng4
23.Be3 Qh5 24.h4 Bxh4 25.Nxh4 Qxh4 26.Rf1 Nxe3 {#R} 0-1

[Event "Tournament (open)"]
[Site "masterchessopen.com - Batatais (Brazil)"]
[Date "2010.11.21"]
[Round "5"]
[White "Carneiro Vitor Roberto Castro (BRA)"]
[Black "Silva Rodrigo Ferreira (BRA)"]
[Result "0-1"]
[WhiteElo "1927"]
[BlackElo "1830"]

1.d4 c5 2.d5 e5 3.c4 d6 4.Nc3 f5 5.e4 Nf6 6.exf5 Bxf5 7.Bd3 Qd7 8.Bxf5 Qxf5
9.Qb3 b6 10.Qa4+ Nbd7 11.Qc6 Rb8 12.Nb5 Qe4+ 13.Ne2 Qxc4 14.Nec3 Kf7 15.Nxd6+
Bxd6 16.Qxd6 Rhe8 17.Bg5 Rbd8 18.Qc6 h6 19.Bxf6 Nxf6 20.Rd1 Rd7 21.Qb5 Qxb5
22.Nxb5 Nxd5 23.O-O a6 24.Na7 Ke6 25.Nc6 Kd6 {#R} 0-1

[Event "Tournament (Elo)"]
[Site "masterchessopen.com - Itapetininga (Brazil)"]
[Date "2010.12.02"]
[Round "7"]
[White "Fernandes Yuri (BRA)"]
[Black "Blit Jacques (ARG)"]
[Result "0-1"]
[WhiteElo "1398"]
[BlackElo "2369"]

1.d4 c5 2.d5 e5 3.e4 Bd6 4.c4 Bc7 5.Nc3 Ba5 6.Bd3 d6 7.Qa4+ Bd7 8.Qb3 Na6
9.Qxb7 Nb4 10.Kd2 Bb6 11.a3 Rb8 12.Qxb8 Qxb8 13.axb4 cxb4 14.Nb5 Bxb5 15.cxb5
Bxf2 16.Nh3 Bc5 17.Rf1 Nf6 18.Ra5 Ng4 19.Ng5 Be3+ 20.Ke2 Bxc1 21.Rxc1 Qb6
22.Rc8+ Kd7 23.Rxh8 Qf2+ 24.Kd1 Ne3+ 25.Kc1 Qe1# 0-1

[Event "Ch Europe (active)"]
[Site "masterchessopen.com - Warsaw (Poland)"]
[Date "2010.12.18"]
[Round "2"]
[White "Fridman Daniel (GER)"]
[Black "Grossmann Ryszard (POL)"]
[Result "1-0"]
[WhiteElo "2645"]
[BlackElo "2193"]

1.d4 c5 2.d5 e5 3.Nc3 d6 4.e4 Nd7 5.Bb5 Be7 6.f4 Bf6 7.Nf3 Qe7 8.fxe5 Bxe5
9.Nxe5 Qxe5 10.O-O Nf6 11.Bf4 Qe7 12.e5 dxe5 13.Bxe5 O-O 14.Bg3 a6 15.Bd3 b5
16.Qf3 Bb7 17.d6 Bxf3 18.dxe7 {#r} 1-0

[Event "Ch Europe (active)"]
[Site "masterchessopen.com - Warsaw (Poland)"]
[Date "2010.12.18"]
[Round "4"]
[White "Lovkov Roman (RUS)"]
[Black "Gasik Piotr (POL)"]
[Result "1-0"]
[WhiteElo "2414"]
[BlackElo "2106"]

1.d4 c5 2.d5 e5 3.e4 d6 4.Nf3 Bg4 5.Nc3 Be7 6.h3 Bxf3 7.Qxf3 Bg5 8.Bb5+ Kf8
9.O-O a6 10.Be2 b5 11.a4 b4 12.Nd1 Bxc1 13.Rxc1 Qf6 14.Qg3 g5 15.Ne3 Ne7 16.a5
Ng6 17.c3 Nf4 18.Rfe1 Nd7 19.Qg4 Ke8 20.Bf1 h5 21.Qf5 Ke7 22.cxb4 cxb4 23.Rc7
Rhd8 24.Rec1 Ke8 25.Rxd7 {#r} 1-0

[Event "Cup Belgrade (team)"]
[Site "masterchessopen.com - Belgrade (Serbia)"]
[Date "2011.04.17"]
[Round "5"]
[White "Nonkovic Nikola (SRB)"]
[Black "Kovacic Misa (SRB)"]
[Result "1-0"]
[WhiteElo "1875"]
[BlackElo "2122"]

1.d4 c5 2.d5 e5 3.e4 d6 4.Nf3 g6 5.Nc3 a6 6.a4 Bg7 7.Be2 b6 8.O-O Ne7 9.Nd2
Nd7 10.Nc4 Qc7 11.f4 f6 12.fxe5 Nxe5 13.Nxe5 fxe5 14.Qe1 h6 15.Qg3 Bd7 16.Be3
Rf8 17.Qh4 Rxf1+ 18.Rxf1 Ng8 19.Bg4 Qc8 20.Bh5 gxh5 21.Qxh5+ Kd8 22.Qf7 Kc7
23.Qxg7 Qe8 24.Rf7 h5 25.Ne2 b5 26.a5 b4 27.Ng3 Rb8 28.Nf5 {#r} 1-0

[Event "It (blitz)"]
[Site "masterchessopen.com - Sao Paulo (Brazil)"]
[Date "2011.05.10"]
[Round "3"]
[White "Mekhitarian Krikor Sevag (BRA)"]
[Black "El Debs Felipe De Cresce (BRA)"]
[Result "1-0"]
[WhiteElo "2488"]
[BlackElo "2478"]

1.d4 c5 2.d5 e5 3.c4 d6 4.Nc3 Be7 5.g3 Bg5 6.e3 Nd7 7.Bg2 f5 8.f4 Bf6 9.e4 Ne7
10.Nf3 O-O 11.O-O a6 12.a4 exf4 13.Bxf4 fxe4 14.Nxe4 Bxb2 15.Bxd6 Bxa1 16.Qxa1
Nb6 17.Qe5 Ng6 18.Qh5 Rf5 19.Nfg5 Rxf1+ 20.Bxf1 h6 21.Qxg6 hxg5 22.Nxg5 Bf5
23.Qf7+ Kh8 24.Qxf5 {#r} 1-0

[Event "Tournament (active) (w) \"]
[Site "masterchessopen.com - Chalons en Champagne (France)"]
[Date "2011.05.21"]
[Round "4"]
[White "Maisuradze Nino (FRA)"]
[Black "Roger Juliette (FRA)"]
[Result "1-0"]
[WhiteElo "2318"]
[BlackElo "1650"]

1.d4 c5 2.d5 e5 3.e4 d6 4.Nc3 a6 5.a4 Be7 6.h3 Bg5 7.Nge2 Bxc1 8.Qxc1 Nf6 9.g4
O-O 10.Ng3 h6 11.Be2 Nh7 12.h4 Qf6 13.Nf5 Nd7 14.Qe3 Nb6 15.a5 Bxf5 16.exf5
Nd7 17.Ne4 Qe7 18.g5 hxg5 19.hxg5 f6 20.g6 Ng5 21.Nxg5 fxg5 22.Rh8+ Kxh8
23.Qh3+ Kg8 24.Qh7# 1-0

[Event "Memorial A.Ufimtsev"]
[Site "masterchessopen.com - Kustanay (Kazakhstan)"]
[Date "2011.06.14"]
[Round "3"]
[White "Nasybullina Alfia (RUS)"]
[Black "Sagnayev Kunanbay (KAZ)"]
[Result "1-0"]
[WhiteElo "1978"]
[BlackElo "2007"]

1.d4 c5 2.d5 e5 3.e4 d6 4.Nf3 Be7 5.Nc3 a6 6.a4 Bg4 7.h3 Bxf3 8.Qxf3 Bg5 9.Be2
Bxc1 10.Rxc1 Ne7 11.O-O O-O 12.Qe3 Ng6 13.g3 Nd7 14.Bh5 Nf6 15.Bxg6 fxg6 16.f4
exf4 17.gxf4 Qe7 18.e5 Rfe8 19.Rce1 Kh8 20.Rf3 Rab8 21.exf6 {#r} 1-0

[Event "Ch Canaries (seniors)"]
[Site "masterchessopen.com - Las Palmas (Spain)"]
[Date "2011.06.28"]
[Round "1"]
[White "Biscarri Candalia Oscar (ESP)"]
[Black "Lopez Colon Francisco (ESP)"]
[Result "0-1"]
[WhiteElo "1520"]
[BlackElo "2061"]

1.d4 c5 2.d5 e5 3.e4 d6 4.c4 Be7 5.Nf3 f5 6.Nbd2 Nf6 7.Bd3 f4 8.O-O O-O 9.g3
Qe8 10.Nh4 Bh3 11.Re1 g6 12.Bf1 Qd7 13.Bg2 g5 14.Bxh3 Qxh3 15.Nf5 Rf7 16.Nxe7+
Rxe7 17.Qf3 Nbd7 18.Qg2 Qh5 19.f3 Rg7 20.g4 Qg6 21.Kf2 h5 22.h3 Kf7 23.b3 Rh8
24.Rh1 hxg4 25.Bb2 gxf3 26.Qg4 {#R} 0-1

[Event "Tournament (open)"]
[Site "masterchessopen.com - Sterlitamak (Russia)"]
[Date "2011.07.03"]
[Round "7"]
[White "Shamin Aleksey (RUS)"]
[Black "Kononenko Evgeny (RUS)"]
[Result "1-0"]
[WhiteElo "2204"]
[BlackElo "1914"]

1.d4 c5 2.d5 e5 3.e4 d6 4.Nc3 Be7 5.Nge2 Bg5 6.Ng3 Bxc1 7.Qxc1 Ne7 8.Bd3 O-O
9.Nf5 Bxf5 10.exf5 Nd7 11.Be4 Nf6 12.f3 a6 13.Qd2 b5 14.Ne2 a5 15.g4 a4 16.Ng3
Qa5 17.c3 b4 18.g5 Nd7 19.h4 a3 20.f6 axb2 21.Qxb2 gxf6 22.Nf5 Nxf5 23.Bxf5
Rfd8 24.Qg2 Kh8 25.Qg4 Ra7 26.Bxd7 bxc3 27.Bf5 {#r} 1-0

[Event "Ch Central Serbia (open)"]
[Site "masterchessopen.com - Paracin (Serbia)"]
[Date "2011.07.09"]
[Round "2"]
[White "Miladinovic Lena (SRB)"]
[Black "Ravic Nenad (SRB)"]
[Result "0-1"]
[WhiteElo "2094"]
[BlackElo "2311"]

1.d4 c5 2.d5 e5 3.dxe6 fxe6 4.e4 Nc6 5.Nf3 Qc7 6.Nc3 a6 7.g3 Nf6 8.Bg2 b5
9.Qe2 b4 10.Nb1 a5 11.Bf4 e5 12.Bg5 Ba6 13.Qe3 Nd4 14.Nxd4 cxd4 15.Qd2 Rc8
16.Bxf6 gxf6 17.Kd1 Bh6 18.f4 exf4 19.Bf1 fxg3 20.Qg2 d3 21.c3 Qf4 22.Nd2 bxc3
23.bxc3 Qg4+ 24.Nf3 Qxe4 25.hxg3 Qa4+ 26.Ke1 Qa3 27.Rxh6 Qxc3+ 28.Qd2 {#R} 0-1

[Event "It (open) (b)"]
[Site "masterchessopen.com - Dortmund (Germany)"]
[Date "2011.07.28"]
[Round "6"]
[White "Benke Werner"]
[Black "Heldt Maximilian"]
[Result "0-1"]
[WhiteElo "1554"]
[BlackElo "1653"]

1.d4 c5 2.d5 e5 3.c4 d6 4.e4 g6 5.Bd3 Bg7 6.Nf3 Ne7 7.Qc2 O-O 8.O-O f5 9.Bg5
a6 10.Nc3 Qe8 11.Bxe7 Qxe7 12.Rfe1 f4 13.Kf1 g5 14.Ng1 g4 15.Nge2 Qh4 16.Kg1
f3 17.gxf3 gxf3 18.Ng3 Rf6 19.Qd1 Bh3 20.Qa4 Nd7 21.Bf1 Rh6 {#R} 0-1

[Event "It (open)"]
[Site "masterchessopen.com - Roosendaal (Netherlands)"]
[Date "2011.08.20"]
[Round "4"]
[White "Di Bucchianico Alessandro"]
[Black "Bruggeman Gerrit"]
[Result "0-1"]
[WhiteElo "2077"]
[BlackElo "2000"]

1.d4 c5 2.d5 e5 3.e4 d6 4.Nf3 Nf6 5.Nc3 g6 6.Be2 Bg7 7.a4 O-O 8.Nd2 Na6 9.O-O
Nc7 10.Nc4 Qe7 11.f3 Nh5 12.Be3 f5 13.exf5 gxf5 14.Qd2 Kh8 15.Rad1 b6 16.Rfe1
Rg8 17.f4 exf4 18.Bf2 Nf6 19.Bf3 Qf8 20.Qxf4 Nce8 21.Bg3 Bh6 22.Rxe8 Nxe8
23.Qh4 Bg5 24.Qh3 f4 {#R} 0-1

[Event "Ch Serbia (team Premier) (w)"]
[Site "masterchessopen.com - Valjevo (Serbia)"]
[Date "2011.08.27"]
[Round "1"]
[White "Chelushkina Irina (SRB)"]
[Black "Marcetic Marija (SRB)"]
[Result "1-0"]
[WhiteElo "2296"]
[BlackElo "2171"]

1.d4 c5 2.d5 e5 3.e4 Bd6 4.Nc3 Bc7 5.d6 Ba5 6.Qd5 Nc6 7.Bc4 Qf6 8.Bg5 Qg6
9.Nf3 Nf6 10.Bxf6 Qxf6 11.O-O Bxc3 12.bxc3 b6 13.Bb5 O-O 14.Bxc6 dxc6 15.Qxe5
Bg4 16.Qxf6 gxf6 17.Nh4 Rad8 18.h3 Bc8 19.Rfd1 Rfe8 20.f3 Re5 21.g4 h5 22.Kf2
Kg7 23.Rd2 Ree8 24.Ke3 hxg4 25.hxg4 Be6 26.Rh1 Rg8 {#r} 1-0